| 000 | 00361nam a2200145Ia 4500 | ||
|---|---|---|---|
| 008 | 150201s2012 xx 000 0 und d | ||
| 082 |
_a617.643 _bO2012B |
||
| 100 | _aBHALAJHI,S.I. | ||
| 245 | _aORTHODONTICS :THE ART & SCIENCE | ||
| 250 | _a5TH | ||
| 260 |
_bARYA PUBLICATION _aDELHI _c2012 |
||
| 300 | _a1-682 | ||
| 650 | _aORTHODONTICS | ||
| 942 |
_2ddc _cBK _013 |
||
| 999 |
_c4722 _d4722 |
||